[Event "NRW-ch U14"]
[Site "Winterberg"]
[Date "2002.04.06"]
[Round "7"]
[White "Van Orsouw, Niclas"]
[Black "Schroeder, Philipp"]
[Result "1/2-1/2"]
[WhiteElo "1678"]
[BlackElo "1344"]
[PlyCount "33"]
[EventDate "2002.04.01"]
[EventType "swiss"]
[EventRounds "7"]
[EventCountry "GER"]
[SourceTitle "EXT 2003"]
[Source "ChessBase"]
[SourceDate "2002.11.25"]
[SourceVersion "1"]
[SourceVersionDate "2002.11.25"]
[SourceQuality "1"]

1. Nf3 e6 2. d4 d5 3. g3 c5 4. e3 Nf6 5. Bg2 Be7 6. 0-0 0-0 7. b3 Nc6 8. Bb2 Qc7 9. Nbd2 Re8 10. c4 cxd4 11. Nxd4 Bd7 12. cxd5 exd5 13. Rc1 Qa5 14. Bc3 Bb4 15. Bxb4 Qxb4 16. N2f3 Ne4 17. Qc2 1/2-1/2

[Event "NRW-ch U14"]
[Site "Winterberg"]
[Date "2002.04.02"]
[Round "2"]
[White "Schroeder, Philipp"]
[Black "Krutwig, Longlong"]
[Result "0-1"]
[WhiteElo "1344"]
[BlackElo "1511"]
[PlyCount "62"]
[EventDate "2002.04.01"]
[EventType "swiss"]
[EventRounds "7"]
[EventCountry "GER"]
[SourceTitle "EXT 2003"]
[Source "ChessBase"]
[SourceDate "2002.11.25"]
[SourceVersion "1"]
[SourceVersionDate "2002.11.25"]
[SourceQuality "1"]

1. e4 e5 2. Nf3 Nc6 3. Bb5 a6 4. Bxc6 dxc6 5. d3 f6 6. Be3 Bg4 7. 0-0 Qd7 8. h3 Be6 9. Re1 0-0-0 10. d4 exd4 11. Bxd4 c5 12. c3 cxd4 13. cxd4 Bc5 14. d5 Qd6 15. Nc3 Bd7 16. e5 fxe5 17. Nxe5 Nh6 18. a3 Rhf8 19. Qd2 Rxf2 20. Qxf2 Bxf2+ 21. Kxf2 Rf8+ 22. Kg1 Nf5 23. Nf3 Qg3 24. Ne4 Qf4 25. Kf2 Nd4 26. Ned2 Qxd2+ 27. Kg3 Nxf3 28. gxf3 Qf4+ 29. Kg2 Qxf3+ 30. Kg1 Bxh3 31. d6 Qg3+ 0-1

[Event "NRW-ch U14"]
[Site "Winterberg"]
[Date "2002.04.01"]
[Round "1"]
[White "Babczyk, Adrian"]
[Black "Schroeder, Philipp"]
[Result "1-0"]
[WhiteElo "1647"]
[BlackElo "1344"]
[PlyCount "37"]
[EventDate "2002.04.01"]
[EventType "swiss"]
[EventRounds "7"]
[EventCountry "GER"]
[SourceTitle "EXT 2003"]
[Source "ChessBase"]
[SourceDate "2002.11.25"]
[SourceVersion "1"]
[SourceVersionDate "2002.11.25"]
[SourceQuality "1"]

1. e4 e6 2. d4 d5 3. Nc3 dxe4 4. Nxe4 Nc6 5. Nf3 f6 6. Bd3 Bb4+ 7. c3 Ba5 8. 0-0 Nge7 9. Re1 0-0 10. Qc2 Qd5 11. Ned2 f5 12. Bc4 Qd6 13. Bb3 b5 14. a4 b4 15. Nc4 Qd5 16. Nb6 Qd6 17. Nxa8 Bb7 18. Rxe6 Qd7 19. Rxe7+ 1-0